| 000 | 01114cam a2200217 4500 | ||
|---|---|---|---|
| 001 | WB3809-17 | ||
| 008 | 020306n2002 000 0 eng u | ||
| 035 | _a(Sirsi) u117029 | ||
| 245 | _aE business is your business | ||
| 260 | _c2002 | ||
| 490 |
_aRICS Management Consultancy Faculty News _v4 March 2002 (1) |
||
| 520 | _aMinister for E-commerce urges the minerals and construction industry to embrace the IT revolution. Speaking at the launch of an industry wide E-commerce Impact Assessment report (IAR), he highlighted the positive impact of e-commerce in allowing companies to compete in global markets. The IAR is one aspect of a wide-ranging DTI programme examining the use of E-commerce in a range of industries across the UK. http://www.ukonlineforbusiness.gov.uk/gateway/home/index.jsp For further information contact Nicholas Cole +44 (0) 20 7334 3703 or [email protected] | ||
| 590 | _aWB | ||
| 650 | _aE-COMMERCE | ||
| 650 | _aGLOBAL MARKET | ||
| 650 | _aDTI | ||
| 650 | _aCONSTRUCTION INDUSTRY | ||
| 650 | _aMINERALS INDUSTRY | ||
| 690 | _aINFORMATION TECHNOLOGY-INTERNET | ||
| 942 | _n0 | ||
| 999 |
_c69719 _d69719 |
||